Представление документа в формате MARC21

ПолеНазваниеЗначение
  Тип записи a
  Библиографический уровень m
001 Контрольный номер RU/URAIT/583168
005 Дата корректировки 20260429163652.4
008 Кодируемые данные 260429s2026 RU y f j 000 0 rus u
020 Индекс ISBN __
a ISBN 978-5-534-01166-1
c Цена, тираж 1359.00
040 Источник каталогиз. __
a Служба первич. каталог. ИКО Юрайт
c Служба, преобразующая запись ИКО Юрайт
e Правила каталог. RCR
041 Код языка издания __
a Код языка текста rus
044 Код страны публикации __
a Код страны публикации RU
080 Индекс УДК __
a Индекс УДК 811.161.1(075.8)
084 Индекс другой классификации/Индекс ББК __
2 Источник индекса rubbk
a Индекс другой классификации/Индекс ББК 81.411.2я73
100 Автор __
a Автор Лекант П. А.
q Полное имя Лекант Павел Александрович
245 Заглавие __
a Заглавие Современный русский язык. Сборник упражнений
b Продолж. заглавия учебник для вузов
c Ответственность П. А. Лекант [и др.] ; под редакцией П. А. Леканта.
256 Характеристики компьютерного файла __
a Характеристики компьютерного файла Электрон. дан.
260 Выходные данные __
a Место издания Москва
b Издательство Юрайт
c Дата издания 2026
300 Физическое описание __
a Объем 314 с
440 Серия __
a Серия Высшее образование
500 Примечания __
a Примечание URL: https://urait.ru/bcode/583168 (дата обращения: 29.04.2026).
520 Аннотация __
a Аннотация Издание предназначено изучающим русский язык в вузе: журналистам, учителям, филологам, копирайтерам, редакторам. Содержание и характер тренировочных упражнений обеспечивают овладение компетенциями по дисциплине в ходе изучения категорий, средств, особенностей использования в речи языковых единиц. Сборник составлен опытными преподавателями высочайшей квалификации - докторами и кандидатами наук, имеющими большой опыт работы и стремящимися поделиться своими знаниями.
538 Прим. о системных особенностях __
a Прим. о системных особенностях Режим доступа: Электронно-библиотечная система Юрайт, для авториз. пользователей
653 Ключевые слова __
a Ключевые слова Русский язык и культура речи
653 Ключевые слова __
a Ключевые слова Языки и литература
653 Ключевые слова __
a Ключевые слова Русский язык
653 Ключевые слова __
a Ключевые слова Русский язык и культура речи
653 Ключевые слова __
a Ключевые слова Современный русский язык
653 Ключевые слова __
a Ключевые слова Современный русский литературный язык
653 Ключевые слова __
a Ключевые слова Современный русский язык и культура речи
653 Ключевые слова __
a Ключевые слова Современный русский язык: фонетика
653 Ключевые слова __
a Ключевые слова Корректирующий курс по русскому языку
653 Ключевые слова __
a Ключевые слова Язык региона специализации: Русский язык
653 Ключевые слова __
a Ключевые слова Русский язык. Общие вопросы
653 Ключевые слова __
a Ключевые слова Язык региона специализации (русский)
653 Ключевые слова __
a Ключевые слова Русский язык (продвинутый курс)
653 Ключевые слова __
a Ключевые слова Русский язык (Фонетика. Лексикология)
653 Ключевые слова __
a Ключевые слова Современный русский язык (лексика)
653 Ключевые слова __
a Ключевые слова Современный русский язык (морфология)
653 Ключевые слова __
a Ключевые слова Современный русский язык (синтаксис)
653 Ключевые слова __
a Ключевые слова Современный русский язык (словообразование)
653 Ключевые слова __
a Ключевые слова Русский язык (включая Родной язык)
653 Ключевые слова __
a Ключевые слова Современный русский язык (морфемика, словообразование, морфология)
653 Ключевые слова __
a Ключевые слова Современный русский язык (фонетика, лексикология)
653 Ключевые слова __
a Ключевые слова Русский язык и литература. Русский язык
653 Ключевые слова __
a Ключевые слова Практический русский язык
653 Ключевые слова __
a Ключевые слова Современный русский язык. Фонетика, словообразование, лексикология
653 Ключевые слова __
a Ключевые слова Базовый русский язык
653 Ключевые слова __
a Ключевые слова Современный русский язык (лексикология, фонетика, морфология, синтаксис)
653 Ключевые слова __
a Ключевые слова Современный русский язык (практикум по речевому общению)
653 Ключевые слова __
a Ключевые слова Родной русский язык
653 Ключевые слова __
a Ключевые слова Современный русский язык. Лексикология и фразеология
653 Ключевые слова __
a Ключевые слова Современный русский язык. Морфемика и словообразование
653 Ключевые слова __
a Ключевые слова Современный русский язык. Синтаксис простого предложения
653 Ключевые слова __
a Ключевые слова Современный русский язык. Синтаксис сложного предложения
653 Ключевые слова __
a Ключевые слова Современный русский язык. Фонетика, фонология, графика
653 Ключевые слова __
a Ключевые слова Современный русский язык: лексикология
700 Другие авторы __
a Другие авторы Герасименко Н. А.
q Полное имя Герасименко Наталья Аркадьевна
700 Другие авторы __
a Другие авторы Дегтярева М. В.
q Полное имя Дегтярева Марина Валерьевна
700 Другие авторы __
a Другие авторы Канафьева А. В.
q Полное имя Канафьева Аля Васильевна
700 Другие авторы __
a Другие авторы Леденёва В. В.
q Полное имя Леденёва Валентина Васильевна
700 Другие авторы __
a Другие авторы Маркелова Т. В.
q Полное имя Маркелова Татьяна Викторовна
700 Другие авторы __
a Другие авторы Орехова Е. Н.
q Полное имя Орехова Елена Николаевна
700 Другие авторы __
a Другие авторы Самсонов Н. Б.
q Полное имя Самсонов Николай Борисович
700 Другие авторы __
a Другие авторы Тихонова В. В.
q Полное имя Тихонова Вера Владимировна
700 Другие авторы __
a Другие авторы Шаповалова Т. Е.
q Полное имя Шаповалова Татьяна Егоровна
856 Электронный адрес документа 40
n Местонахождение сервера Юрайт
g Электронная книга
q Тип электронного формата html
h Имя пользователя ЮРАЙТ
v Часы доступа к ресурсу 20271231
2 Способ доступа Показать документ
x Служебное примечание https://urait.ru/book/cover/ADD99191-8844-42B3-A65E-EFCC8DF8C526
u URL https://urait.ru/bcode/583168
856 Электронный адрес документа 48
q Тип электронного формата cover
u URL https://urait.ru/book/cover/ADD99191-8844-42B3-A65E-EFCC8DF8C526
911 __
u 0030=https://urait.ru/bcode/583168
911 __
u 073a=9785534011661
u 073d=1359.00
911 __
u 106a=s
911 __
u 900l=
952 Тип литературы __
i Дисциплина Русский язык
952 Тип литературы __
i Дисциплина Русский язык и культура речи
952 Тип литературы __
i Дисциплина Современный русский язык
952 Тип литературы __
i Дисциплина Современный русский литературный язык
952 Тип литературы __
i Дисциплина Современный русский язык и культура речи
952 Тип литературы __
i Дисциплина Современный русский язык: фонетика
952 Тип литературы __
i Дисциплина Корректирующий курс по русскому языку
952 Тип литературы __
i Дисциплина Язык региона специализации: Русский язык
952 Тип литературы __
i Дисциплина Русский язык. Общие вопросы
952 Тип литературы __
i Дисциплина Язык региона специализации (русский)
952 Тип литературы __
i Дисциплина Русский язык (продвинутый курс)
952 Тип литературы __
i Дисциплина Русский язык (Фонетика. Лексикология)
952 Тип литературы __
i Дисциплина Современный русский язык (лексика)
952 Тип литературы __
i Дисциплина Современный русский язык (морфология)
952 Тип литературы __
i Дисциплина Современный русский язык (синтаксис)
952 Тип литературы __
i Дисциплина Современный русский язык (словообразование)
952 Тип литературы __
i Дисциплина Русский язык (включая Родной язык)
952 Тип литературы __
i Дисциплина Современный русский язык (морфемика, словообразование, морфология)
952 Тип литературы __
i Дисциплина Современный русский язык (фонетика, лексикология)
952 Тип литературы __
i Дисциплина Русский язык и литература. Русский язык
952 Тип литературы __
i Дисциплина Практический русский язык
952 Тип литературы __
i Дисциплина Современный русский язык. Фонетика, словообразование, лексикология
952 Тип литературы __
i Дисциплина Базовый русский язык
952 Тип литературы __
i Дисциплина Современный русский язык (лексикология, фонетика, морфология, синтаксис)
952 Тип литературы __
i Дисциплина Современный русский язык (практикум по речевому общению)
952 Тип литературы __
i Дисциплина Родной русский язык
952 Тип литературы __
i Дисциплина Современный русский язык. Лексикология и фразеология
952 Тип литературы __
i Дисциплина Современный русский язык. Морфемика и словообразование
952 Тип литературы __
i Дисциплина Современный русский язык. Синтаксис простого предложения
952 Тип литературы __
i Дисциплина Современный русский язык. Синтаксис сложного предложения
952 Тип литературы __
i Дисциплина Современный русский язык. Фонетика, фонология, графика
952 Тип литературы __
i Дисциплина Современный русский язык: лексикология